| 000 | 01069nam a2200241 a 4500 | ||
|---|---|---|---|
| 001 | 49120 | ||
| 003 | BD-RjUL | ||
| 005 | 20211209054634.0 | ||
| 008 | 160817s1962 bg ||||| |||| 00| 0 ben d | ||
| 020 | _c: PRs.3.00 | ||
| 035 | _a(BD-RjUL)49239 | ||
| 040 |
_aBD-RjUL _bben _cBD-RjUL _dBD-RjUL |
||
| 041 | _aben | ||
| 082 |
_223 _a813 _bWIG 1962 |
||
| 100 |
_aওয়াইল্ডার, লরা ইঙ্গল্স্ _9147360 |
||
| 245 | 1 | 0 |
_aঘাসের বনে ছোট্ট কুটীর / _cমূল : লরা ইঙ্গল্স্ ওয়াইল্ডার , অনুবাদ : আতোয়ার রহমান |
| 260 |
_aঢাকা : _bসবুজ লাইব্রেরী, _c১৯৬২ |
||
| 300 |
_a২৮৭ পৃ. : _bচিত্র ; _c২৩ সেমি. |
||
| 650 |
_aইংরেজি আমেরিকান উপন্যাস _9147704 |
||
| 650 |
_aAmerican fiction in english _9147362 |
||
| 700 |
_aরহমান, আতোয়ার : অনুবাদ _9147727 |
||
| 942 |
_2ddc _cBK |
||
| 999 |
_c49120 _d49120 |
||